000 00929nam a2200289 a 4500
001 vtls000284101
003 NLI
005 20210602125635.0
008 101203s1974 ii a 000 0 eng
039 9 _y201012031846
_zVLOAD
040 0 _aNLI
_beng
_cEntertech-FY 2010
_eAACR2
041 0 _aeng
044 _aii
082 0 4 _a294.5
100 1 _aJohnson, Julian P.
_q(Julian Philip),
_db. 1873
_9316169
245 1 4 _aThe path of the masters :
_bthe science of Surat shabda yoga.-yoga of the Santon ki shiksha audible life steream /
_cJulian P. Johnson
250 _a[4th rev. ed.]
260 _aAmritsar :
_bRadha Soami Satsang Beas,
_c1974
300 _axlix, 568 p. :
_bill. ;
_c23 cm.
500 _aGlossary : p. 556.-568
650 0 _aYoga
_9297
887 _a
901 _aDB26437
_b4.1.1975
902 _aE 294.5 J 633 (1)
949 _AVIRTUAITEM
_D10000
_X100
_6DBA000026437ENG
942 _2ddc
_cBKS
999 _aVIRTUA40
_c242570
_d242570